La deuda social en la ciudad de Rosario. Una perspectiva multimodal (Registro nro. 32219)
[ vista simple ]
| 000 -LEADER | |
|---|---|
| fixed length control field | 00508 a2200169 4500 |
| 001 - CONTROL NUMBER | |
| control field | ART_38590 |
| 005 - DATE AND TIME OF LATEST TRANSACTION | |
| control field | 20260410162011.0 |
| 008 - FIXED-LENGTH DATA ELEMENTS--GENERAL INFORMATION | |
| fixed length control field | 260409a |
| 100 1# - MAIN ENTRY--PERSONAL NAME | |
| Personal name | Accursi, Marcelo |
| 245 10 - TITLE STATEMENT | |
| Title | La deuda social en la ciudad de Rosario. Una perspectiva multimodal |
| 700 1# - ADDED ENTRY--PERSONAL NAME | |
| Personal name | Aguiar, Rolando Raúl |
| 700 1# - ADDED ENTRY--PERSONAL NAME | |
| Personal name | Casiello, Francisco |
| 700 1# - ADDED ENTRY--PERSONAL NAME | |
| Personal name | Coppa, Carlos |
| 700 1# - ADDED ENTRY--PERSONAL NAME | |
| Personal name | Palacios, Clide Lidia |
| 700 1# - ADDED ENTRY--PERSONAL NAME | |
| Personal name | Romano, Dante |
| 773 0# - HOST ITEM ENTRY | |
| Title | Anuario |
| Related parts | - Nº 6 (ene./dic. 2009) |
| Record control number | REV38525 |
No hay ítems disponibles.